| 000 | 01061cam a22002775a 4500 | ||
|---|---|---|---|
| 001 | 16017084 | ||
| 005 | 20161018120215.0 | ||
| 008 | 091211t2010 enka frb 001 0 eng d | ||
| 020 | _a9781849960403 | ||
| 040 |
_aUKM _cUKM _dBTCTA _dC#P _dBWX _dYDXCP _dBWK _dLML _dDLC _dEG-ScBUE _beng |
||
| 082 | 0 | 4 |
_a006.76 _222 _bAGE |
| 245 | 0 | 0 |
_aAgent-based service-oriented computing / _ceditors Nathan Griffiths, Kuo-Ming Chao. |
| 260 |
_aLondon : _bSpringer, _cc.2010. |
||
| 300 |
_axv, 275 p. : _bill. ; _c25 cm. |
||
| 490 | 0 | _aAdvanced information and knowledge processing. | |
| 500 | _aIndex : p. 273-275. | ||
| 504 | _aIncludes bibliographical references. | ||
| 650 | 7 |
_aWeb services. _2BUEsh _940141 |
|
| 651 | _2BUEsh | ||
| 653 |
_bCOMSCI _cOctober2016 |
||
| 700 | 1 |
_aGriffiths, Nathan, _eeditor. |
|
| 700 | 1 |
_aChao, K.-M _q(Kuo-Ming) _eeditor. |
|
| 906 |
_a7 _bcbc _ccopycat _d2 _encip _f20 _gy-gencatlg |
||
| 942 | _2ddc | ||
| 999 |
_c22677 _d22649 |
||